<?xml version="1.0" encoding="UTF-8"?>
<collection xmlns="http://www.loc.gov/MARC21/slim">
 <record>
  <leader>02821ntm a22005177i 4500</leader>
  <controlfield tag="001">000121332</controlfield>
  <controlfield tag="003">CZ-PrVSE</controlfield>
  <controlfield tag="005">20220619212945.0</controlfield>
  <controlfield tag="006">m        d</controlfield>
  <controlfield tag="007">cr n||||||||||</controlfield>
  <controlfield tag="008">220619s2022    xr     fsbm   000 0 cze d</controlfield>
  <datafield tag="STA" ind1=" " ind2=" ">
   <subfield code="a">NEZPRACOVANÝ IMPORT</subfield>
  </datafield>
  <datafield tag="040" ind1=" " ind2=" ">
   <subfield code="a">ABA006</subfield>
   <subfield code="b">cze</subfield>
   <subfield code="c">ABA006</subfield>
   <subfield code="d">ABA006</subfield>
   <subfield code="e">rda</subfield>
  </datafield>
  <datafield tag="100" ind1="1" ind2=" ">
   <subfield code="a">Tichá, Kateřina</subfield>
   <subfield code="%">ISIS:149833</subfield>
   <subfield code="4">dis</subfield>
  </datafield>
  <datafield tag="242" ind1="1" ind2="0">
   <subfield code="a">Local fees as municipality’s source of income</subfield>
   <subfield code="y">eng</subfield>
  </datafield>
  <datafield tag="245" ind1="1" ind2="0">
   <subfield code="a">Místní poplatky jako zdroj příjmů obcí /</subfield>
   <subfield code="c">Kateřina Tichá</subfield>
  </datafield>
  <datafield tag="264" ind1=" " ind2="0">
   <subfield code="c">2022</subfield>
  </datafield>
  <datafield tag="300" ind1=" " ind2=" ">
   <subfield code="a">?? stran :</subfield>
   <subfield code="3">digital, PDF soubor</subfield>
  </datafield>
  <datafield tag="500" ind1=" " ind2=" ">
   <subfield code="a">Vedoucí práce: Jana Krbová</subfield>
  </datafield>
  <datafield tag="502" ind1=" " ind2=" ">
   <subfield code="a">Bakalářská práce (Bc.)—Vysoká škola ekonomická v Praze. Fakulta managementu, 2022</subfield>
  </datafield>
  <datafield tag="504" ind1=" " ind2=" ">
   <subfield code="a">Obsahuje bibliografii</subfield>
  </datafield>
  <datafield tag="516" ind1=" " ind2=" ">
   <subfield code="a">Textový (vysokoškolská kvalifikační práce)</subfield>
  </datafield>
  <datafield tag="518" ind1=" " ind2=" ">
   <subfield code="a">Rok obhajoby 2022</subfield>
  </datafield>
  <datafield tag="520" ind1="3" ind2=" ">
   <subfield code="a">Bakalářská práce se zabývá zkoumáním důvodů, které vedou města a obce k (ne)zavádění, případně zvyšování/snižování místních poplatků u vybraného vzorku obcí a měst Středočeského a Jihočeského kraje v letech 2016 až 2020. Teoretická část se věnuje příjmům územních rozpočtů včetně jejich rozdělení, dále popisu jednotlivých druhů místních poplatků a daňové pravomoci obcí u těchto poplatků. Praktická část se zaměřuje u zkoumaných měst a obcí na jimi zavedené místní poplatky, příjmy z nich získané a také na důvody provádění změn jejich sazeb. Součástí praktické části je rovněž analýza poplatkové efektivnosti výběru místních poplatků. V závěru práce jsou vyhodnoceny zjištěné výsledky a navržena doporučení.</subfield>
  </datafield>
  <datafield tag="538" ind1=" " ind2=" ">
   <subfield code="a">Způsob přístupu: Internet</subfield>
  </datafield>
  <datafield tag="653" ind1="0" ind2=" ">
   <subfield code="a">management [obor bakal. práce]</subfield>
  </datafield>
  <datafield tag="655" ind1=" " ind2="7">
   <subfield code="a">bakalářské práce</subfield>
   <subfield code="7">fd132403</subfield>
   <subfield code="2">czenas</subfield>
  </datafield>
  <datafield tag="655" ind1=" " ind2="9">
   <subfield code="a">bachelor's theses</subfield>
   <subfield code="2">eczenas</subfield>
  </datafield>
  <datafield tag="690" ind1=" " ind2=" ">
   <subfield code="a">místní poplatky</subfield>
  </datafield>
  <datafield tag="690" ind1=" " ind2=" ">
   <subfield code="a">poplatková efektivnost</subfield>
  </datafield>
  <datafield tag="690" ind1=" " ind2=" ">
   <subfield code="a">příjmy obcí</subfield>
  </datafield>
  <datafield tag="690" ind1=" " ind2=" ">
   <subfield code="a">zákon o místních poplatcích</subfield>
  </datafield>
  <datafield tag="700" ind1="1" ind2=" ">
   <subfield code="a">Krbová, Jana,</subfield>
   <subfield code="d">1962-</subfield>
   <subfield code="7">xx0002076</subfield>
   <subfield code="4">ths</subfield>
  </datafield>
  <datafield tag="700" ind1="1" ind2=" ">
   <subfield code="a">Musil, Martin,</subfield>
   <subfield code="d">1976-</subfield>
   <subfield code="7">mzk2004258377</subfield>
   <subfield code="4">opn</subfield>
  </datafield>
  <datafield tag="710" ind1="2" ind2=" ">
   <subfield code="a">Vysoká škola ekonomická v Praze.</subfield>
   <subfield code="b">Fakulta managementu</subfield>
   <subfield code="7">ko2002109809</subfield>
   <subfield code="4">dgg</subfield>
  </datafield>
  <datafield tag="856" ind1="4" ind2="0">
   <subfield code="u">https://insis.vse.cz/zp/76010/podrobnosti</subfield>
   <subfield code="y">VŠKP v InSIS</subfield>
  </datafield>
  <datafield tag="856" ind1="4" ind2="0">
   <subfield code="u">https://insis.vse.cz/zp/76010</subfield>
   <subfield code="y">Hlavní práce</subfield>
  </datafield>
  <datafield tag="856" ind1="4" ind2="0">
   <subfield code="u">https://insis.vse.cz/zp/76010/posudek/vedouci</subfield>
   <subfield code="y">Hodnocení vedoucího</subfield>
  </datafield>
  <datafield tag="856" ind1="4" ind2="0">
   <subfield code="u">https://insis.vse.cz/zp/76010/posudek/oponent/75591</subfield>
   <subfield code="y">Oponentura</subfield>
  </datafield>
  <datafield tag="856" ind1="4" ind2="0">
   <subfield code="u">https://insis.vse.cz/zp/76010/priloha/24476</subfield>
   <subfield code="y">Přiloha k práci</subfield>
  </datafield>
  <datafield tag="999" ind1="4" ind2="0">
   <subfield code="u">https://insis.vse.cz/zp/76010/podrobnosti</subfield>
   <subfield code="y">dc:identifier</subfield>
  </datafield>
  <datafield tag="993" ind1=" " ind2=" ">
   <subfield code="x">NEPOSILAT</subfield>
   <subfield code="y">VSKP</subfield>
  </datafield>
  <datafield tag="999" ind1="4" ind2="9">
   <subfield code="a">vse76010</subfield>
   <subfield code="b">220614</subfield>
  </datafield>
  <datafield tag="999" ind1="4" ind2="5">
   <subfield code="x">76010</subfield>
  </datafield>
 </record>
</collection>
